Regulatory RNAs : (Record no. 588493)

MARC details
000 -LEADER
fixed length control field 00478nam a2200193 a 4500
008 - FIXED-LENGTH DATA ELEMENTS--GENERAL INFORMATION
fixed length control field 250921s2006##################000#0#eng##
020 ## - INTERNATIONAL STANDARD BOOK NUMBER
ISBN 9780879698188
082 04 - DEWEY DECIMAL CLASSIFICATION NUMBER
Classification number 572.87
Item number COL
100 1# - MAIN ENTRY--AUTHOR NAME
Personal name Stillman, Bruce,
245 10 - TITLE STATEMENT
Title Regulatory RNAs :
260 ## - PUBLICATION, DISTRIBUTION, ETC. (IMPRINT)
Name of publisher CSHL Press,
Year of publication 2006.
300 ## - PHYSICAL DESCRIPTION
Number of Pages 577 pages
650 #0 - SUBJECT ADDED ENTRY--TOPICAL TERM
Topical Term Cancer.
942 ## - ADDED ENTRY ELEMENTS (KOHA)
Koha item type English Books
Holdings
Withdrawn status Lost status Damaged status Not for loan Home library Current library Shelving location Date acquired Full call number Accession Number Price effective from Koha item type
        Anna Centenary Library Anna Centenary Library 5TH FLOOR, A WING 21.09.2025 572.87 COL 335800 21.09.2025 English Books

Find us on the map